The myth of religious violence : (Record no. 124631)
[ view plain ]
| 000 -LEADER | |
|---|---|
| fixed length control field | 01362cam a22003614a 4500 |
| 001 - CONTROL NUMBER | |
| control field | 7361865 |
| 003 - CONTROL NUMBER IDENTIFIER | |
| control field | ARRUPE |
| 005 - DATE AND TIME OF LATEST TRANSACTION | |
| control field | 20160415092212.0 |
| 008 - FIXED-LENGTH DATA ELEMENTS--GENERAL INFORMATION | |
| fixed length control field | 081216s2009 enk b 001 0 eng |
| 010 ## - LIBRARY OF CONGRESS CONTROL NUMBER | |
| LC control number | 2008053815 |
| 020 ## - INTERNATIONAL STANDARD BOOK NUMBER | |
| International Standard Book Number | 9780195385045 (hardback : alk. paper) |
| 020 ## - INTERNATIONAL STANDARD BOOK NUMBER | |
| International Standard Book Number | 0195385047 (hardback : alk. paper) |
| 024 ## - OTHER STANDARD IDENTIFIER | |
| Standard number or code | 40017055312 |
| 035 ## - SYSTEM CONTROL NUMBER | |
| System control number | (OCoLC)ocn291193664 |
| 035 ## - SYSTEM CONTROL NUMBER | |
| System control number | (OCoLC)291193664 |
| 035 ## - SYSTEM CONTROL NUMBER | |
| System control number | (NNC)7361865 |
| 040 ## - CATALOGING SOURCE | |
| Original cataloging agency | DLC |
| Transcribing agency | DLC |
| Modifying agency | BTCTA |
| -- | YDXCP |
| -- | C#P |
| 043 ## - GEOGRAPHIC AREA CODE | |
| Geographic area code | e------ |
| -- | n------ |
| 050 00 - LIBRARY OF CONGRESS CALL NUMBER | |
| Classification number | BL65.V55 |
| Item number | C39 2009 |
| 082 00 - DEWEY DECIMAL CLASSIFICATION NUMBER | |
| Classification number | 201/.76332 |
| Edition number | 22 |
| 300 ## - PHYSICAL DESCRIPTION | |
| Dimensions | 25 cm. |
| 100 1# - MAIN ENTRY--PERSONAL NAME | |
| Personal name | Cavanaugh, William T., |
| Dates associated with a name | 1962- |
| 9 (RLIN) | 22887 |
| 245 14 - TITLE STATEMENT | |
| Title | The myth of religious violence : |
| Remainder of title | secular ideology and the roots of modern conflict / |
| Statement of responsibility, etc | William T. Cavanaugh. |
| 260 ## - PUBLICATION, DISTRIBUTION, ETC. (IMPRINT) | |
| Place of publication, distribution, etc | Oxford ; |
| -- | New York : |
| Name of publisher, distributor, etc | Oxford University Press, |
| Date of publication, distribution, etc | 2009. |
| 300 ## - PHYSICAL DESCRIPTION | |
| Extent | viii, 285 p. ; |
| 504 ## - BIBLIOGRAPHY, ETC. NOTE | |
| Bibliography, etc | Includes bibliographical references and index. |
| 505 0# - FORMATTED CONTENTS NOTE | |
| Formatted contents note | The anatomy of the myth -- The invention of religion -- The creation myth of the wars of religion -- The uses of the myth. |
| 650 #0 - SUBJECT ADDED ENTRY--TOPICAL TERM | |
| Topical term or geographic name as entry element | Violence |
| General subdivision | Religious aspects. |
| 9 (RLIN) | 23841 |
| 650 #0 - SUBJECT ADDED ENTRY--TOPICAL TERM | |
| Topical term or geographic name as entry element | Religion and politics |
| Geographic subdivision | Western countries. |
| 9 (RLIN) | 23877 |
| 650 #0 - SUBJECT ADDED ENTRY--TOPICAL TERM | |
| Topical term or geographic name as entry element | Religion |
| General subdivision | Philosophy |
| -- | Political aspects |
| Geographic subdivision | Western countries. |
| 9 (RLIN) | 23878 |
| 942 ## - ADDED ENTRY ELEMENTS (KOHA) | |
| Source of classification or shelving scheme | Library of Congress Classification |
| Koha item type | Monograph ( Printed materials) |
| 948 1# - LOCAL PROCESSING INFORMATION (OCLC); SERIES PART DESIGNATOR (RLIN) | |
| Series part designator, SPT (RLIN) | 20091005 |
| b (OCLC) | c |
| c (OCLC) | dc21 |
| d (OCLC) | MPS |
| Withdrawn status | Lost status | Source of classification or shelving scheme | Damaged status | Not for loan | Collection code | Home library | Current library | Shelving location | Date acquired | Total Checkouts | Full call number | Barcode | Date last seen | Date checked out | Price effective from | Koha item type |
|---|---|---|---|---|---|---|---|---|---|---|---|---|---|---|---|---|
| Library of Congress Classification | Main Collection | ARRUPE LIBRARY | ARRUPE LIBRARY | Main Collection | 15/04/2016 | 8 | BL65.V55 C39 2009 | 46500006851 | 28/04/2025 | 03/04/2025 | 15/04/2016 | Monograph ( Printed materials) |